01684nas a2200241Ia 4500001001100000003001000011008004100021040002500062041001300087100002900100210001700129222001700146245006600163250001100229260005100240300001100291310001200302362003600314500047700350501011400827520047700941650002401418R235-R2388IT-CnALBA170116c99999999xx |||||||||||| ||und|| aIT-CnALBAcIT-CnALBA aITALIANO aAMORTH D. GABRIELE, SSP. aMADRE DI DIO aMADRE DI DIO 0aMADRE DI DIO. N. X. ANNO LIV. OTTOBRE 1986. MENSILE MARIANO.  a1a ed. aCINISELLO BALSAMO (MI)bEDIZIONI PAOLINEc1986 a36 p.  aMENSILE aFascicolo: 10 / Anno: 54 (1986) aCORRISPONDENZA. TUTTI IN PREGHIERA INSIEME PER LA PACE. MARIA MADRE DELLA CHIESA. PAOLO VI JEAN GUITTON E MARIA. MARIA EVANGELIZZATRICE DELLA COLOMBIA. MARIA DONNA. RUM ALBERTO. BASILIO MAGNO E SANTA MARIA. MARIA MODELLO EDUCATRICE. UGENTI A. DONADEO M.V. DEVOZIONE DI MARIA E PACE, TESTIMONIANZA DI LA PIRA G. RECITA DEL ROSARIO. NUOVA ESPERIENZA DI CHIESA, ESPANSIONE DELLA FAMIGLIA TRADIZIONALE. FERRARI G. APPARIZIONI IN ADRICA, INTERVISTA A PADRE MARTINO MUDENDELLI.  aSocietà San Paolo EM - Piazza San Paolo, 14 - 12051 ALBA (CN) (non commercial uses only) ® Copyright 2017 aCORRISPONDENZA. TUTTI IN PREGHIERA INSIEME PER LA PACE. MARIA MADRE DELLA CHIESA. PAOLO VI JEAN GUITTON E MARIA. MARIA EVANGELIZZATRICE DELLA COLOMBIA. MARIA DONNA. RUM ALBERTO. BASILIO MAGNO E SANTA MARIA. MARIA MODELLO EDUCATRICE. UGENTI A. DONADEO M.V. DEVOZIONE DI MARIA E PACE, TESTIMONIANZA DI LA PIRA G. RECITA DEL ROSARIO. NUOVA ESPERIENZA DI CHIESA, ESPANSIONE DELLA FAMIGLIA TRADIZIONALE. FERRARI G. APPARIZIONI IN ADRICA, INTERVISTA A PADRE MARTINO MUDENDELLI.  aANGELI SANTI DEMONI